ბათუმის შოთა რუსთაველის სახელმწიფო უნივერსიტეტის ბიბლიოთეკა

Будапештские музей : (ბიბ.ჩანაწერი № 60999)

000 -LEADER
fixed length control field 00977nam a22001577a 4500
005 - DATE AND TIME OF LATEST TRANSACTION
control field 20231205123932.0
008 - FIXED-LENGTH DATA ELEMENTS--GENERAL INFORMATION
fixed length control field 231205s1985 ru ||||| |||| 00| 0 rus d
041 ## - LANGUAGE CODE
Language code of text/sound track or separate title rus
080 ## - UNIVERSAL DECIMAL CLASSIFICATION NUMBER
Universal Decimal Classification number 069(439.151) Б-90
245 ## - TITLE STATEMENT
Title Будапештские музей :
Remainder of title Венгерский Национальный музей. Музей изобразительных искусств. Венгерская Национальная галерея. Музей прикладного искусства. Этнографический музей. Музей истории Будапешта : [Альбом репродукций] /
Statement of responsibility, etc. Пер. с венг. М. Погань-Берталан.
264 ## - PRODUCTION, PUBLICATION, DISTRIBUTION, MANUFACTURE, AND COPYRIGHT NOTICE
Place of production, publication, distribution, manufacture Будапешт :
Name of producer, publisher, distributor, manufacturer Корвина,
Date of production, publication, distribution, manufacture, or copyright notice 1985.
300 ## - PHYSICAL DESCRIPTION
Extent 82 с. :
Other physical details ил.
Dimensions 29 см.
653 ## - INDEX TERM--UNCONTROLLED
keyword ბუდაპეშტის მუზეუმები
700 ## - ADDED ENTRY--PERSONAL NAME
Personal name Погань-Берталан, М.
Relator term მთარგმნელი
9 (RLIN) 20586
942 ## - ADDED ENTRY ELEMENTS (KOHA)
Source of classification or shelving scheme
Koha item type წიგნი
ეგზემპლარები
Withdrawn status Lost status Source of classification or shelving scheme Damaged status Not for loan Permanent Location Current Location Shelving location Date acquired Cost, normal purchase price Full call number Barcode Date last seen Copy number Uniform Resource Identifier Price effective from Koha item type Public note
          ბათუმის შოთა რუსთაველის სახელმწიფო უნივერსიტეტის მთავარი ბიბლიოთეკა ბათუმის შოთა რუსთაველის სახელმწიფო უნივერსიტეტის მთავარი ბიბლიოთეკა წიგნსაცავი 2023-12-05 14.00 069(439.151) Б-90 65511 2023-12-05 65511 ბსუ-ს საპატიო დოქტორის გურამ ლორთქიფანიძის საჩუქარი 2023-12-05 წიგნი 14 ლ.